Statistics for WWII countries

Click here to take the quiz!

General Stats

  • This quiz has been taken 49 times
  • The average score is 43 of 66

Answer Stats

SideAnswer% Correct
AlliesUnited States
95%
AlliesUnited Kingdom
93%
AxisGermany
93%
AxisJapan
91%
AlliesFrance
91%
AxisItaly
91%
AlliesCanada
88%
AlliesNorway
88%
SwitchSoviet Union
88%
SwitchFinland
86%
OccupiedBelgium
84%
Annexed Before WarAustria
84%
OccupiedNetherlands
81%
AlliesAustralia
81%
AlliesIndia
81%
AlliesChina
81%
AxisHungary
81%
Support to AlliesTurkey
79%
OccupiedDenmark
79%
AlliesGreece
79%
AlliesNew Zealand
79%
OccupiedYugoslavia
77%
AxisRomania
77%
Re- AnnexedLithuania
74%
Re- AnnexedLatvia
74%
SwitchIran
74%
Re- AnnexedEstonia
74%
AlliesSweden
74%
AxisBulgaria
72%
Support to AlliesArgentina
72%
Support to AlliesMexico
70%
InvadedLuxembourg
67%
Support to AlliesIraq
67%
Support to AlliesEgypt
65%
InvadedCzechoslovakia
63%
SwitchAlbania
63%
SwtchThailand
63%
SwitchIceland
63%
Support to AlliesCuba
60%
Support to AlliesMongolia
60%
OccupiedAlgeria
60%
OccupiedPhilippines
58%
Support to AlliesEcuador
58%
OccupiedTunisia
58%
Support to AlliesUruguay
58%
Support to AlliesPanama
58%
Support to AlliesHaiti
58%
Annexed Before WarEthiopia
56%
Support to AlliesPeru
56%
Support to AlliesNicaragua
53%
SwitchMorocco
53%
Support to AlliesHonduras
53%
Support to AlliesParaguay
53%
Support o AlliesCosta Rica
51%
Support to AlliesEl Salvador
51%
Support to AlliesSaudi Arabia
51%
Support to AlliesGuatemala
49%
SwitchSyria
47%
Support to AlliesBolivia
47%
Support to AlliesDominican Republic
44%
Support to AliiesVenezuela
44%
Support to AlliesLebanon
37%
SwitchSingapore
35%
AxisSlovakia
26%
Support to AlliesLiberia
21%
OccupiedNew Guinea
2%

Score Distribution

Percentile by Number Answered

Percent of People with Each Score

Your Score History

You have not taken this quiz